000 00409pab a2200181 454500
008 180718b2006 xxu||||| |||| 00| 0 eng d
100 _aSmith, Susan J.
245 _aPerforming (housing) markets
260 _c2006
300 _ap.81-98.
362 _aJan-Mar
650 _aHousing
700 _aChristie, Hazel
700 _aMunro, Moira
773 _aUrban Studies
908 _aN
909 _a75073
999 _c75073
_d75073